Etiqueta de registo: 00697cam 022002411 04500
001 79022
003 http://id.bnportugal.gov.pt/bib/catbnp/79022
100 ## $a19981118d1957 mc y0pora0103 ba
101 0# $apor
102 ## $aPT
105 ## $ab z 000yy
106 ## $ar
200 1# $a O gigante dos cabelos de ouro$enovela infantil$fLeyguarda Ferreira$gil. de José Félix
210 #9 $aLisboa$cRomano Torres,$d[D.L. 1957]
215 ## $a46 [2] p.$cil.$d19 cm
225 2# $aManecas
317 ## $aColeção Leandro de Moraes Sarmento$5PTBN: L.M.S. 527
606 ## $aLiteratura infantil$2SIPOR$367823
675 ## $a087.5$vmed$zpor$3287999
700 #1 $aLeyguarda,$bFerreira$3315909
702 #1 $93$aFélix,$bJosé$4440$3285235
801 #0 $aPT$bBN$gRPC
966 ## $lBN$mFGMON$sL. 40019//6 P.
966 ## $lBN$mFGMON$pBiblioteca particular Leandro de Moraes Sarmento$sL.M.S. 527 $x3
966 ## $lBN$mFGMON$sP. 6210 P.
998 ## $aCR175 - 00244
Etiqueta de registo: 00254nam 2200025 450
001 2284117
003 http://id.bnportugal.gov.pt/bib/catbnp/2284117
100 ## $a20260410d1964 m y0pory01030103ba
101 0# $apor
102 ## $aPT
105 ## $aa z 000yy
106 ## $ar
200 1# $aMemórias de um burro$fLeyguarda Ferreira$gdes. Eugénio da Silva
210 #9 $aLisboa$cRomano Torres,$d1964
215 ## $a48 p.$cil.$d19 cm
225 2# $aManecas.$iContos infantis
317 ## $aColeção Leandro de Moraes Sarmento$5PTBN: L.M.S. 537
606 ## $aLiteratura infantil$2SIPOR$367823
675 ## $a087.5$vmed$zpor$3287999
700 #1 $aLeyguarda,$bFerreira$3315909
702 #1 $aSilva,$bEugénio,$f1937-$4440$332878
801 #0 $aPT$bBN$gRPC
966 ## $lBN$mFGMON$pBiblioteca particular Leandro de Moraes Sarmento$sL.M.S. 537 $x3
Etiqueta de registo: 00254nam 2200025 450
001 2284115
003 http://id.bnportugal.gov.pt/bib/catbnp/2284115
100 ## $a20260410d1962 m y0pory01030103ba
101 0# $apor
102 ## $aPT
105 ## $aa z 000yy
106 ## $ar
200 1# $aPedro e o lobo$fLeyguarda Ferreira$gdes. Eugénio da Silva
210 #9 $aLisboa$cRomano Torres,$d1962
215 ## $a47, [1] p.$cil.$d19 cm
225 2# $aManecas.$iContos infantis
317 ## $aColeção Leandro de Moraes Sarmento$5PTBN: L.M.S. 528
606 ## $aLiteratura infantil$2SIPOR$367823
675 ## $a087.5$vmed$zpor$3287999
700 #1 $aLeyguarda,$bFerreira$3315909
702 #1 $aSilva,$bEugénio,$f1937-$4440$332878
801 #0 $aPT$bBN$gRPC
966 ## $lBN$mFGMON$pBiblioteca particular Leandro de Moraes Sarmento$sL.M.S. 528 $x3